书目信息 |
| 题名: |
喜看硕果满枝头
|
|
| 作者: | ;《喜看硕果满枝头:广东关工委工作品牌巡礼》编委会 编 | |
| 分册: | ||
| 出版信息: | 广州 羊城晚报出版社 2018.01 |
|
| 页数: | 415页 | |
| 开本: | 25cm | |
| 丛书名: | 广东关工委工作丛书 | |
| 单 册: | ||
| 中图分类: | G775 | |
| 科图分类: | ||
| 主题词: | 青少年教育--Qing Shao Nian Jiao Yu--教育工作--工作概况--广东 | |
| 电子资源: | ||
| ISBN: | 978-7-5543-0538-6 | |
| 000 | 01320oam2 2200265 450 | |
| 001 | 0103152656 | |
| 005 | 20201103152732.0 | |
| 010 | @a978-7-5543-0538-6@dCNY78.00 | |
| 100 | @a20181129d2018 em y0chiy50 ea | |
| 101 | 0 | @achi |
| 102 | @aCN@b440000 | |
| 105 | @aa z 000yy | |
| 106 | @ar | |
| 200 | 1 | @a喜看硕果满枝头@AXi Kan Shuo Guo Man Zhi Tou@e广东关工委工作品牌巡礼@f《喜看硕果满枝头:广东关工委工作品牌巡礼》编委会编 |
| 210 | @a广州@c羊城晚报出版社@d2018.01 | |
| 215 | @a415页@c图, 照片@d25cm | |
| 225 | 2 | @a广东关工委工作丛书@AGuang Dong Guan Gong Wei Gong Zuo Cong Shu@f刘林松主编@v12 |
| 330 | @a本书收集了从全省范围内精选出来的56个品牌,涵盖了关工委工作的各个方面,包括思想道德建设、主题教育活动、法治教育、深度调研、净化社会文化环境、创业青年培训、帮扶济困助学、预防未成年人犯罪、关工委自身建设,还包括关工委领导体制和工作机制的创新等。 | |
| 461 | 0 | @12001 @a广东关工委工作丛书 |
| 517 | 1 | @a广东关工委工作品牌巡礼@AGuang Dong Guan Gong Wei Gong Zuo Pin Pai Xun Li |
| 606 | 0 | @a青少年教育@AQing Shao Nian Jiao Yu@x教育工作@x工作概况@y广东 |
| 690 | @aG775@v5 | |
| 711 | 02 | @a《喜看硕果满枝头:广东关工委工作品牌巡礼》编委会@A《 Xi Kan Shuo Guo Man Zhi Tou : Guang Dong Guan Gong Wei Gong Zuo Pin Pai Xun Li 》 Bian Wei Hui@4编 |
| 801 | 0 | @aCN@bBJSZM@c20201103 |
| 905 | @b1257271-5@dG775@e31@f5 | |
| 喜看硕果满枝头:广东关工委工作品牌巡礼/《喜看硕果满枝头:广东关工委工作品牌巡礼》编委会编.-广州:羊城晚报出版社,2018.01 |
| 415页:图, 照片;25cm.-(广东关工委工作丛书/刘林松主编;12) |
| ISBN 978-7-5543-0538-6:CNY78.00 |
| 本书收集了从全省范围内精选出来的56个品牌,涵盖了关工委工作的各个方面,包括思想道德建设、主题教育活动、法治教育、深度调研、净化社会文化环境、创业青年培训、帮扶济困助学、预防未成年人犯罪、关工委自身建设,还包括关工委领导体制和工作机制的创新等。 |
| ● |
| 相关链接 |
|
|
|
|
正题名:喜看硕果满枝头
索取号:G775/31
 
预约/预借
| 序号 | 登录号 | 条形码 | 馆藏地/架位号 | 状态 | 备注 |
| 1 | 1257271 | 212572713 | 第一样本阅览室/ [索取号:G775/31] | 在馆 | |
| 2 | 1257272 | 212572722 | 教育系资料室/ [索取号:G775/31] | 在馆 | |
| 3 | 1257273 | 212572731 | 教育系资料室/ [索取号:G775/31] | 在馆 | |
| 4 | 1257274 | 212572740 | 第四借阅区/ [索取号:G775/31] | 在馆 | |
| 5 | 1257275 | 212572759 | 第四借阅区/ [索取号:G775/31] | 在馆 |